るで始まりるで終わる言葉 - Statistics

General Stats
  • This quiz has been taken 248 times
  • The average score is 6 of 23
Answer Stats
言葉 説明 % Correct
ルール 規則、決まり
96%
ルーブル ロシアの通貨単位
83%
ルル 風邪薬
63%
ルノワール フランスの画家(印象派)
51%
ルーラル 「田舎の」「農村の」を意味する英単語
47%
ルミノール 血液反応を検出する試薬
34%
ルイス・キャロル 『不思議の国のアリス』の著者
33%
ルチャブル ひこう、かくとうのポケモン
32%
ルアーボール モンスターボールの一種
30%
ルノアール 日本のカフェチェーン
28%
ルーズボール スポーツでこぼれたボール
28%
るるぶトラベル 旅行情報誌「るるぶ」のオンラインサービス
17%
ルクソール エジプトの都市
15%
ルーテル キリスト教の宗派
14%
瑠璃も玻璃も照らせば光る 優れたものはどこでも目立つという意味のことわざ
11%
ルミエール フランス語で「光」、ディスカウントストアの名前
10%
ルイビル アメリカ・ケンタッキー州の都市
9%
ルチル チタン鉱物の一種
7%
ル・アーブル フランスの港湾都市
7%
ルミナール 医薬品の名称
4%
ルメートル ベルギーの天文学者
4%
ルークプラザホテル 長崎市にあるホテル
2%
ルイス・カブラル ギニアビサウ共和国の初代大統領
1%
No matching quizzes found
Score Distribution
Percent of People with Each Score
Percentile by Number Answered
Your Score History
You have not taken this quiz